| 000 | 01272cgm a22002775a 4500 | ||
|---|---|---|---|
| 001 | L125320 | ||
| 002 | ##7761 | ||
| 008 | 040303s2005 xxk f 000 0 eng u | ||
| 020 | _a1842191845 | ||
| 035 | _a(Sirsi) u125320 | ||
| 041 | 0 | _aeng | |
| 050 | 0 | 4 | _a346.410434 $2 18 |
| 100 | 1 | _aShaw, Edward | |
| 245 | 0 | 0 |
_aDilapidations _bletters, forms and schedules _h[videorecording] |
| 260 |
_aLondon _bRICS _c2005 |
||
| 300 |
_a1 _fCD-ROM |
||
| 350 | _a40 | ||
| 490 | 0 | _aRICS Stationery | |
| 520 | _aIncludes an excel document to guide you through every step of calculating a dilapidations claim. It takes you from cover sheet to schedule to the final claim and works out all your pricing and percentages.The document can then be emailed or sent to whoever necessary. Also included are: interactive template letters; checklists; examples of letters and schedules; full text of the RICS Dilapidations Guidance note; and the PLA Protocol | ||
| 590 | _aNB | ||
| 650 | 2 | 4 | _aSCOTT SCHEDULES |
| 690 | _aPROPERTY-LEASEHOLD PROPERTY-LANDLORD AND TENANT-DILAPIDATIONS-DILAPIDATIONS SCHEDULES | ||
| 710 | 2 |
_aRoyal Institution of Chartered Surveyors _94900 |
|
| 856 | 4 | _aThis item is only available to view from within either the London or Edinburgh libraries | |
| 942 | _n0 | ||
| 999 |
_c103369 _d103369 |
||